Hoài Thanh toàn tập T.4.
Các bài phê bình, tiểu luận viết sau cách mạng tháng 8-1945 chưa đưa vào các tập "Phê bình và tiểu luận" của Hoài Thanh...
সংরক্ষণ করুন:
| বিন্যাস: | গ্রন্থ |
|---|---|
| ভাষা: | Vietnamese |
| প্রকাশিত: |
Hà Nội :
Văn học,
1999.
|
| বিষয়গুলি: | |
| ট্যাগগুলো: |
ট্যাগ যুক্ত করুন
কোনো ট্যাগ নেই, প্রথমজন হিসাবে ট্যাগ করুন!
|
| Thư viện lưu trữ: | Mạng thư viện Đại học Đà Nẵng |
|---|
| LEADER | 01032cam a2200361 i 4500 | ||
|---|---|---|---|
| 001 | 000043199 | ||
| 003 | 1074 | ||
| 005 | 20041029140943.0 | ||
| 008 | 010302b1999 vm 000 vie | ||
| 020 | |c 115000 | ||
| 022 | |a T | ||
| 040 | |a IRC |c IRC |d IRC | ||
| 041 | 0 | |a vie | |
| 082 | 1 | 4 | |a 895.9283 |b Ho-T |
| 245 | 0 | 0 | |a Hoài Thanh toàn tập |n T.4. |
| 260 | |a Hà Nội : |b Văn học, |c 1999. | ||
| 300 | |a 1256 tr. ; |c 20,5 cm. | ||
| 520 | 3 | |a Các bài phê bình, tiểu luận viết sau cách mạng tháng 8-1945 chưa đưa vào các tập "Phê bình và tiểu luận" của Hoài Thanh... | |
| 600 | 1 | 4 | |a Hoài Thanh, |d 1909-1982. |
| 630 | 0 | 4 | |a Hoài Thanh. |
| 630 | 0 | 4 | |a Văn học Việt. |
| 650 | 0 | 4 | |a Hoài Thanh, |d 1909-1982 |x Toàn tập. |
| 650 | 0 | 4 | |a Văn học Việt. |
| OWN | |a DUT | ||
| 999 | |a From the UDN01 | ||
| TYP | |a Monograph | ||
| TYP | |a Printed language | ||
| 980 | |a Mạng thư viện Đại học Đà Nẵng | ||